书目信息 |
| 题名: |
谁知道动物的绝技
|
|
| 作者: | 周锐 编著 | |
| 分册: | ||
| 出版信息: | 北京 中国城市出版社 2010.01 |
|
| 页数: | 340页, [4] 页图版 | |
| 开本: | 26cm | |
| 丛书名: | ||
| 单 册: | ||
| 中图分类: | Q95-49 | |
| 科图分类: | ||
| 主题词: | 动物--dong wu--少年读物 | |
| 电子资源: | ||
| ISBN: | 978-7-5074-2179-8 | |
| 000 | 00913nam0 2200241 450 | |
| 001 | 012010187375 | |
| 005 | 20100403104921.26 | |
| 010 | @a978-7-5074-2179-8@dCNY45.00 | |
| 100 | @a20100403d2010 em y0chiy0120 ea | |
| 101 | 0 | @achi |
| 102 | @aCN@b110000 | |
| 105 | @aaf z 000yy | |
| 106 | @ar | |
| 200 | 1 | @a谁知道动物的绝技@Ashui zhi dao dong wu de jue ji@e聪明孩子最想知道的动物百科全书@f周锐编著@Fzhou rui bian zhu |
| 210 | @a北京@c中国城市出版社@d2010.01 | |
| 215 | @a340页, [4] 页图版@c图@d26cm | |
| 330 | @a本书主要向青少年介绍动物科普知识,内容包括“伪装大师”毛毛虫、“信号传情”的萤火虫、无所不在的蟑螂、狡猾的磕头虫等。 | |
| 517 | 1 | @a聪明孩子最想知道的动物百科全书@Acong ming hai zi zui xiang zhi dao de dong wu bai ke quan shu |
| 606 | 0 | @a动物@Adong wu@j少年读物 |
| 690 | @aQ95-49@v4 | |
| 701 | 0 | @a周锐@Azhou rui@4编著 |
| 801 | 0 | @aCN@bQSSK@c20100403 |
| 905 | @b772806-08@dQ95-49@eZ783@f3 | |
| 谁知道动物的绝技:聪明孩子最想知道的动物百科全书/周锐编著.-北京:中国城市出版社,2010.01 |
| 340页, [4] 页图版:图;26cm |
| ISBN 978-7-5074-2179-8:CNY45.00 |
| 本书主要向青少年介绍动物科普知识,内容包括“伪装大师”毛毛虫、“信号传情”的萤火虫、无所不在的蟑螂、狡猾的磕头虫等。 |
| ● |
| 相关链接 |
|
|
|
正题名:谁知道动物的绝技
索取号:Q95-49/Z783
 
预约/预借
| 序号 | 登录号 | 条形码 | 馆藏地/架位号 | 状态 | 备注 |
| 1 | 772806 | 207728066 | 自科库401/401自科库 36排4列5层/ [索取号:Q95-49/Z783] | 在馆 | |
| 2 | 772807 | 207728075 | 自科库401/401自科库 36排4列5层/ [索取号:Q95-49/Z783] | 在馆 | |
| 3 | 772808 | 207728084 | 自科库401/401自科库 36排4列5层/ [索取号:Q95-49/Z783] | 在馆 |